00591cam a2200205 a 450000100100000000500170001000800410002702000150006804000250008308200240010810000210013224500630015325000110021626000370022730000210026449000210028565000220030665000360032883000210036400000793720200929154346.0890408s1988 sp b 000 f spa  a8432204382 aDO-SdBNPcDLCdBNPHU a863.64bG724r, 19881 aGoytisolo, Juan.10aReivindicación del conde don Julián /cJuan Goytisolo. a4a ed. aBarcelona :bSeix Barral,c1988. a242 p. ;c20 cm.1 aBiblioteca Breve 4aNovela española 4aLiteratura españolaySIGLO XX 0aBiblioteca Breve